000 00377nam a22001457a 4500
005 20250408160048.0
008 250408b |||||||| |||| 00| 0 eng d
020 _a9780751707335
050 _aHD30
_b.213 BUS
245 _aBusiness information management paper 3.4
260 _aLondon
_bBPP Publishing Ltd
_cc2001
300 _axx, 308p
710 _aACCA
942 _2lcc
_cBK
_n0
999 _c5389
_d5389